Statistics for Washington Nationals Trivia

Click here to take the quiz!

General Stats

  • This quiz has been taken 292 times
    (197 since last reset)
  • The average score is 6 of 8

Answer Stats

QuestionAnswer% Correct
Which team moved to D.C. and became the Nationals in 2004?Montreal Expos
98%
What was the name of the team that played in D.C. between 1901 and 1971?Washington {Senators}
90%
Who won Cy Young awards pitching for the Nationals in 2016 and 2017?Max Scherzer
87%
What pitcher, selected with the first pick in the 2009 draft, is often considered
the most-hyped prospect in Major League history?
Stephen Strasburg
86%
Who was selected with the first pick in the 2010 draft and went on
to become NL MVP in 2015?
Bryce Harper
85%
What current player has the most hits and home runs in franchise history?Ryan Zimmerman
77%
What manager led the team to a 2019 World Series victory?Dave Martinez
73%
What did that player say to a reporter when asked about his being under the legal
drinking age in the U.S.?
That's a {clown}
question, bro
47%

Score Distribution

Percentile by Number Answered

Percent of People with Each Score

Your Score History

You have not taken this quiz since the last reset